| 000 | 00605nam a22002177a 4500 | ||
|---|---|---|---|
| 003 | OSt | ||
| 005 | 20140310182835.0 | ||
| 008 | 130605t xxu||||| |||| 00| 0 eng d | ||
| 020 | _a9810699948 | ||
| 050 |
_aQD 251.3 _b.B892 2007 |
||
| 082 |
_aM 540.19 _bB83 2007 |
||
| 245 |
_aThe essentials of organic chemistry _cBruice, Paula Yurkanis |
||
| 250 | _a1st ed. | ||
| 260 |
_aSingapore : _bPearson Education South Asia Pte Ltd., _cc2007 |
||
| 300 |
_axxvi, 557 p. _bill. ; _c26 cm. |
||
| 521 | _aCollege Students | ||
| 526 | _c1210L-1700L | ||
| 541 | _j1 | ||
| 562 | _e1 | ||
| 942 |
_2lcc _cBK _kM |
||
| 999 |
_c16721 _d16721 |
||